| 000 | 00899cam a2200289 4500 | ||
|---|---|---|---|
| 001 | 1271 | ||
| 003 | BD-RjUL | ||
| 005 | 20211208233314.0 | ||
| 008 | 131125t19711970nyu b 001 0 eng | ||
| 020 | _a0333100433 | ||
| 035 | _a(BD-RjUL) | ||
| 040 |
_aDLC _cDLC _dDLC _dBD-RjUL _beng |
||
| 041 | _aeng | ||
| 082 | 0 | 0 |
_a128 _bCAB 1971 _219 |
| 100 | 1 |
_aCampbell, Keith. _d1938- _93753 |
|
| 245 | 1 | 0 |
_aBody and mind / _cKeith Campbell. |
| 260 |
_aGarden City, N.Y. : _bAnchor Books, _cc1970, 1971. |
||
| 300 |
_avi, 150 p. _c19 cm. |
||
| 490 | 0 | _aProblems in philosophy | |
| 504 | _aIncludes bibliographical references: p. [126]-146 and index. | ||
| 650 | 0 |
_aHuman beings. _93754 |
|
| 650 | 0 |
_aMind and body. _9396 |
|
| 856 |
_3WorldCat details. _uhttp://www.worldcat.org/title/body-and-mind/oclc/106554&referer=brief_results |
||
| 942 |
_2ddc _cBK |
||
| 999 |
_c1271 _d1271 |
||